000 00728nam a2200289Ia 4500
005 20260324122709.0
008 008 260324s9999 xx 000 0 eng d
020 _a9780203137734
037 _aEBOOK
040 _aCRL
040 _beng
040 _cCRL
041 _2eng
041 _aeng
084 _qCRL
100 _aNurullah Ardic
_91167454
245 0 _aIslam and the Politics of Secularism
245 4 _bThe Caliphate and Middle Eastern Modernization in the Early 20th Century
260 _bTaylor and Francis
260 _c2012
365 _a
365 _b265
856 _uhttp://www.taylorfrancis.com/books/9780203137734
942 _cEBOOK
999 _c1760395
_d1760395